000 00331nam a22001217a 4500
008 190314b xxu||||| |||| 00| 0 eng d
041 _aeng
080 _a043.3
100 _a0
101 _aSI-MA
245 _aInfrastruktura e te dhenave hapesinore ne Republiken e Kosoes konform direktives evropiane
_cGashi, A
942 _2udc
_cBK
999 _c54805
_d54805